Kpop Quiz- Name the Soloist - Statistics

General Stats
  • This quiz has been taken 131 times
  • The average score is 12 of 16
Answer Stats
Picture Answer % Correct
Lisa
100%
Jungkook
97%
Hwasa
96%
Jessi
93%
IU
92%
Yeonjun
87%
Chuu
86%
Yunjin
85%
Jeon Somi
79%
Zico
77%
Jay Park
69%
Bibi
68%
Jackson Wang
65%
Yves
54%
Baekhyun
45%
Rain
43%
No matching quizzes found
Score Distribution
Percent of People with Each Score
Percentile by Number Answered
Your Score History
You have not taken this quiz